[Event "Rilton Cup 48th"]
[Site "Stockholm"]
[Date "2018.12.31"]
[Round "5"]
[White "Parhomenko, Margarita"]
[Black "Schnabel, Ralf"]
[Result "1/2-1/2"]
[WhiteElo "1894"]
[BlackElo "2185"]
[PlyCount "86"]
[EventDate "2018.12.27"]
[EventType "swiss"]
[EventRounds "9"]
[EventCountry "SWE"]
[SourceTitle "CBM 188 Extra"]
[Source "ChessBase"]
[SourceDate "2019.02.26"]
[SourceVersion "1"]
[SourceVersionDate "2019.02.26"]
[SourceQuality "1"]

1. Nf3 Nf6 2. g3 g6 3. Bg2 Bg7 4. 0-0 0-0 5. d3 c5 6. e4 Nc6 7. c3 d6 8. a4 a6 9. Nbd2 Bd7 10. Nc4 Be6 11. Ne3 h6 12. Nh4 d5 13. e5 Nxe5 14. f4 Neg4 15. f5 gxf5 16. Nexf5 Bxf5 17. Nxf5 e6 18. Nxg7 Kxg7 19. d4 cxd4 20. cxd4 Qb6 21. a5 Qd6 22. Qf3 e5 23. h3 e4 24. Qf4 Qxf4 25. Bxf4 h5 26. hxg4 Nxg4 27. Bh3 Kg6 28. Bxg4 hxg4 29. Bd6 Rfe8 30. Rf2 Re6 31. Bb4 Rc8 32. Raf1 e3 33. Re2 Re4 34. Bc5 f5 35. Rd1 Rc6 36. Bb6 Re8 37. Rd3 Rc1+ 38. Kg2 Rh8 39. Rdxe3 Rhh1 40. Re6+ Kh5 41. R2e5 Rhg1+ 42. Kf2 Rgf1+ 43. Ke2 Rfe1+ 1/2-1/2

[Event "Rilton Cup 48th"]
[Site "Stockholm"]
[Date "2018.12.30"]
[Round "4"]
[White "Jimenez Martinez, Jose Vicente"]
[Black "Parhomenko, Margarita"]
[Result "1-0"]
[WhiteElo "2253"]
[BlackElo "1894"]
[PlyCount "79"]
[EventDate "2018.12.27"]
[EventType "swiss"]
[EventRounds "9"]
[EventCountry "SWE"]
[SourceTitle "CBM 188 Extra"]
[Source "ChessBase"]
[SourceDate "2019.02.26"]
[SourceVersion "1"]
[SourceVersionDate "2019.02.26"]
[SourceQuality "1"]

1. d4 Nf6 2. c4 e6 3. Nc3 Bb4 4. Qc2 0-0 5. a3 Bxc3+ 6. Qxc3 b6 7. Nf3 Bb7 8. g3 d6 9. Bg2 Nbd7 10. 0-0 Qe7 11. b4 c5 12. dxc5 bxc5 13. b5 a6 14. a4 d5 15. a5 Ne4 16. Qc2 Nd6 17. cxd5 Bxd5 18. b6 h6 19. Bb2 Rac8 20. Rfd1 Nf6 21. Ne5 Rfd8 22. f3 Nf5 23. Qc3 Nd4 24. Kf2 Bb7 25. e4 Ne8 26. Nc4 Nd6 27. Nxd6 Rxd6 28. e5 Rd7 29. Rac1 Bd5 30. Rxd4 cxd4 31. Qxc8+ Rd8 32. Qc5 Qg5 33. Re1 d3 34. Bc3 d2 35. Rd1 Bb3 36. f4 Qf5 37. Rxd2 Rxd2+ 38. Bxd2 Qd3 39. Qc3 Qb5 40. Bc6 1-0

[Event "Rilton Cup 48th"]
[Site "Stockholm"]
[Date "2018.12.28"]
[Round "2"]
[White "Dimitrova, Aleksandra"]
[Black "Parhomenko, Margarita"]
[Result "1-0"]
[WhiteElo "2233"]
[BlackElo "1894"]
[PlyCount "93"]
[EventDate "2018.12.27"]
[EventType "swiss"]
[EventRounds "9"]
[EventCountry "SWE"]
[SourceTitle "CBM 188 Extra"]
[Source "ChessBase"]
[SourceDate "2019.02.26"]
[SourceVersion "1"]
[SourceVersionDate "2019.02.26"]
[SourceQuality "1"]

1. e4 c6 2. d4 d5 3. e5 Bf5 4. h4 h5 5. Bd3 Bxd3 6. Qxd3 e6 7. Bg5 Be7 8. Nf3 Nh6 9. Bxh6 Rxh6 10. g3 c5 11. dxc5 Qa5+ 12. Nbd2 Qxc5 13. 0-0 Rg6 14. Kg2 Nc6 15. c3 Rd8 16. b4 Qb6 17. Nb3 Kf8 18. Nbd4 Kg8 19. Ne2 Rg4 20. Nf4 d4 21. a3 f6 22. exf6 Bxf6 23. Nxh5 Ne5 24. Nxe5 Bxe5 25. Qe2 Qc6+ 26. f3 Bc7 27. b5 Qd5 28. c4 d3 29. cxd5 dxe2 30. fxg4 exf1Q+ 31. Rxf1 Rxd5 32. a4 e5 33. g5 Rd4 34. g6 Rd7 35. Kh3 e4 36. Re1 Rd4 37. Kg4 Rxa4 38. Rc1 Bd6 39. Rc8+ Bf8 40. Nf4 Ra1 41. Kf5 e3 42. Ke4 Re1 43. Nd5 Rf1 44. Kxe3 a6 45. Ke2 Rf6 46. Nxf6+ gxf6 47. b6 1-0

[Event "LAT-chT"]
[Site "Riga"]
[Date "2018.12.16"]
[Round "11.1"]
[White "Limanovska, Elizabete"]
[Black "Parhomenko, Margarita"]
[Result "1-0"]
[WhiteElo "2060"]
[BlackElo "1894"]
[PlyCount "63"]
[EventDate "2018.06.09"]
[EventType "team-tourn"]
[EventRounds "11"]
[EventCountry "LAT"]
[SourceTitle "CBM 189 Extra"]
[Source "ChessBase"]
[SourceDate "2019.06.03"]
[SourceVersion "1"]
[SourceVersionDate "2019.06.03"]
[SourceQuality "1"]
[WhiteTeam "Rigas Saha School"]
[BlackTeam "Rigas Saha School Vertikale"]
[WhiteTeamCountry "LAT"]
[BlackTeamCountry "LAT"]

1. e4 c6 2. d4 d5 3. exd5 cxd5 4. Nf3 Nc6 5. Bb5 Nf6 6. Ne5 Bd7 7. Nxd7 Qxd7 8. c3 e6 9. 0-0 Bd6 10. Nd2 a6 11. Bd3 b5 12. f4 0-0 13. g4 Ne8 14. Nf3 f6 15. Qe2 Nc7 16. Qg2 e5 17. Bf5 Qe7 18. fxe5 fxe5 19. Bg5 Qe8 20. dxe5 Bc5+ 21. Kh1 g6 22. Bf6 Be7 23. Rae1 Bxf6 24. exf6 Qd8 25. g5 Qd6 26. Bc2 Rae8 27. Rxe8 Nxe8 28. Re1 Nc7 29. Qh3 Qf4 30. Bd1 Rf7 31. Qc8+ Rf8 32. Qd7 1-0

[Event "LAT-ch (Women)"]
[Site "Riga"]
[Date "2018.05.02"]
[Round "3"]
[White "Parhomenko, Margarita"]
[Black "Rogule, Laura"]
[Result "1/2-1/2"]
[WhiteElo "1854"]
[BlackElo "2358"]
[PlyCount "63"]
[EventDate "2018.04.30"]
[EventType "swiss"]
[EventRounds "7"]
[EventCountry "LAT"]
[SourceTitle "CBM 184 Extra"]
[Source "ChessBase"]
[SourceDate "2018.06.28"]
[SourceVersion "1"]
[SourceVersionDate "2018.06.28"]
[SourceQuality "1"]

1. d4 Nf6 2. Nf3 e6 3. Bf4 b6 4. e3 Bb7 5. Nbd2 Be7 6. Bd3 Nh5 7. Bg3 d6 8. a4 Nxg3 9. hxg3 h6 10. a5 a6 11. axb6 cxb6 12. Qe2 Nc6 13. c3 b5 14. 0-0 h5 15. e4 h4 16. gxh4 Bxh4 17. d5 Ne5 18. Nxe5 dxe5 19. dxe6 fxe6 20. Nb3 Qb6 21. Na5 0-0-0 22. c4 Qd4 23. Rad1 Bg3 24. Nxb7 Kxb7 25. Bc2 Bh2+ 26. Kh1 Bf4+ 27. Kg1 Bh2+ 28. Kh1 Bf4+ 29. Kg1 Bh2+ 30. Kh1 Bf4+ 31. Kg1 Bh2+ 32. Kh1 1/2-1/2

[Event "EU-ch blitz"]
[Site "Katowice"]
[Date "2017.12.15"]
[Round "1"]
[White "Parhomenko, Margarita"]
[Black "Ragger, Markus"]
[Result "0-1"]
[WhiteElo "1854"]
[BlackElo "2657"]
[PlyCount "86"]
[EventDate "2017.12.15"]
[EventType "swiss (blitz)"]
[EventRounds "22"]
[EventCountry "POL"]
[SourceTitle "CBM 182 Extra"]
[Source "ChessBase"]
[SourceDate "2018.02.23"]
[SourceVersion "1"]
[SourceVersionDate "2018.02.23"]
[SourceQuality "1"]

1. d4 d5 2. Nf3 e6 3. Bf4 Bd6 4. Bg3 Ne7 5. e3 Nf5 6. Bd3 Nxg3 7. hxg3 h6 8. Nbd2 Nd7 9. e4 Be7 10. c3 c5 11. 0-0 cxd4 12. Nxd4 Nc5 13. Bc2 0-0 14. Qf3 Bf6 15. exd5 Qxd5 16. Qxd5 exd5 17. N2b3 Na4 18. Rab1 Bd7 19. Nf5 Rfd8 20. Rfd1 Be8 21. Ne3 Nb6 22. Nc5 Bc6 23. Rd2 d4 24. cxd4 Rxd4 25. Nb3 Rxd2 26. Nxd2 Rd8 27. Ndc4 Nxc4 28. Nxc4 Bd5 29. Ne3 Be6 30. Kf1 a5 31. b3 g6 32. Ke2 h5 33. Rd1 Rc8 34. Be4 b5 35. Bf3 a4 36. bxa4 bxa4 37. Rd2 a3 38. g4 Bb2 39. gxh5 Bxa2 40. hxg6 fxg6 41. Nc2 Bc4+ 42. Kd1 a2 43. Bg4 Bb3 0-1

[Event "EU-ch (Women) 18th"]
[Site "Riga"]
[Date "2017.04.20"]
[Round "9"]
[White "Parhomenko, Margarita"]
[Black "Pavlidou, Ekaterini"]
[Result "0-1"]
[WhiteElo "1987"]
[BlackElo "2180"]
[PlyCount "83"]
[EventDate "2017.04.11"]
[EventType "swiss"]
[EventRounds "11"]
[EventCountry "LAT"]
[SourceTitle "CBM 177 Extra"]
[Source "ChessBase"]
[SourceDate "2017.04.27"]
[SourceVersion "1"]
[SourceVersionDate "2017.04.27"]
[SourceQuality "1"]

1. d4 Nf6 2. Nf3 e6 3. Bf4 b6 4. h3 Bb7 5. e3 d5 6. Bd3 Nbd7 7. 0-0 Be7 8. Nbd2 Ne4 9. Bxe4 dxe4 10. Ne5 Nxe5 11. Bxe5 f6 12. Bf4 h5 13. c4 Qd7 14. Qc2 g5 15. Bh2 0-0-0 16. c5 bxc5 17. Nb3 cxd4 18. Rac1 e5 19. exd4 Bd6 20. Rfd1 exd4 21. Rxd4 Bxh2+ 22. Kxh2 Qe7 23. Rc4 Rh7 24. Nc5 Qe5+ 25. Kg1 Bd5 26. Ra4 c6 27. Qe2 Kb8 28. b4 e3 29. fxe3 g4 30. h4 Ka8 31. Nd3 Qg3 32. Nf4 Qxh4 33. Nxd5 g3 34. Nb6+ Kb8 35. Qf3 Qh2+ 36. Kf1 Qh1+ 37. Ke2 Qxc1 38. Qxg3+ Rc7 39. Kf3 Qd1+ 40. Kf4 a6 41. Ra3 Qd6+ 42. Kf3 0-1

[Event "Wch U18 Girls"]
[Site "Khanty-Mansiysk"]
[Date "2016.09.28"]
[Round "6"]
[White "Mamontova, Anastasia"]
[Black "Parhomenko, Margarita"]
[Result "1/2-1/2"]
[WhiteElo "2021"]
[BlackElo "1940"]
[PlyCount "125"]
[EventDate "2016.09.22"]
[EventType "swiss"]
[EventRounds "11"]
[EventCountry "RUS"]
[SourceTitle "EXT 2017"]
[Source "ChessBase"]
[SourceDate "2016.10.25"]
[SourceVersion "1"]
[SourceVersionDate "2016.10.25"]
[SourceQuality "1"]

1. d4 c5 2. d5 g6 3. c4 Bg7 4. e4 d6 5. g3 f5 6. exf5 Bxf5 7. Bd3 Qd7 8. Ne2 Na6 9. a3 Nf6 10. Nbc3 Nc7 11. 0-0 Bh3 12. Re1 0-0 13. Nf4 Rae8 14. Nxh3 Qxh3 15. Bf1 Qf5 16. Bd3 Qd7 17. f4 Ng4 18. Ne4 Bd4+ 19. Kg2 e5 20. dxe6 Nxe6 21. Qxg4 Nxf4+ 22. Qxf4 Rxf4 23. Bxf4 Qc6 24. Rab1 d5 25. Nd6 Rf8 26. cxd5 Qxd5+ 27. Be4 Qb3 28. Re2 b6 29. Bh6 Rf6 30. Bc6 Rxd6 31. Re8+ Kf7 32. Rf8+ Ke6 33. Re1+ Be5 34. Re8+ Kf7 35. R1xe5 g5 36. Bf3 Rxh6 37. Bd5+ Qxd5+ 38. Rxd5 Kxe8 39. Rxg5 Rd6 40. b4 cxb4 41. axb4 Rd4 42. Rg7 Rd7 43. Rg5 Kf7 44. Kf3 Kf6 45. h4 Rc7 46. Ke3 h6 47. Rg8 a5 48. bxa5 bxa5 49. Ra8 Rc3+ 50. Kf4 Rc4+ 51. Kf3 Ra4 52. Ra6+ Kg7 53. h5 Ra1 54. Kg4 Ra3 55. Ra7+ Kg8 56. Kf4 Kh8 57. g4 Ra4+ 58. Kf5 Kg8 59. Ra6 Kg7 60. Ra8 Kf7 61. Ra6 Kg7 62. Rg6+ Kh7 63. Ra6 1/2-1/2

[Event "Wch U18 Girls"]
[Site "Khanty-Mansiysk"]
[Date "2016.09.26"]
[Round "5"]
[White "Krasnokutskaya, Sofiya"]
[Black "Parhomenko, Margarita"]
[Result "1-0"]
[WhiteElo "2086"]
[BlackElo "1940"]
[PlyCount "73"]
[EventDate "2016.09.22"]
[EventType "swiss"]
[EventRounds "11"]
[EventCountry "RUS"]
[SourceTitle "EXT 2017"]
[Source "ChessBase"]
[SourceDate "2016.10.25"]
[SourceVersion "1"]
[SourceVersionDate "2016.10.25"]
[SourceQuality "1"]

1. e4 e6 2. d4 d5 3. Nc3 dxe4 4. Nxe4 Be7 5. Nf3 Nf6 6. Bd3 Nbd7 7. Ne5 c5 8. Nxf6+ Bxf6 9. Nxd7 Bxd7 10. dxc5 Qa5+ 11. Bd2 Qxc5 12. 0-0 0-0 13. Be3 Qc7 14. c3 Rfd8 15. Qh5 h6 16. Qg4 Be5 17. Bxh6 Bxh2+ 18. Kh1 Be5 19. Bg5 f5 20. Bxd8 Qxd8 21. Qh3 Qg5 22. Rfe1 Bc7 23. Bc4 Re8 24. Rad1 Bc8 25. Kg1 Bb6 26. Qf3 g6 27. Rd3 Bc7 28. Qe2 Kg7 29. Red1 Kf6 30. Rh3 b6 31. Qf3 e5 32. Qc6+ Be6 33. Qxe8 Bxc4 34. Qh8+ Ke7 35. Rh7+ Bf7 36. Rxf7+ Kxf7 37. Rd7+ 1-0

[Event "Wch U18 Girls"]
[Site "Khanty-Mansiysk"]
[Date "2016.09.22"]
[Round "1"]
[White "Parhomenko, Margarita"]
[Black "Mahalakshmi, Muganda Kumar"]
[Result "0-1"]
[WhiteElo "1940"]
[BlackElo "2221"]
[PlyCount "108"]
[EventDate "2016.09.22"]
[EventType "swiss"]
[EventRounds "11"]
[EventCountry "RUS"]
[SourceTitle "EXT 2017"]
[Source "ChessBase"]
[SourceDate "2016.10.25"]
[SourceVersion "1"]
[SourceVersionDate "2016.10.25"]
[SourceQuality "1"]

1. Nf3 d5 2. e3 Nf6 3. d4 e6 4. Bd3 Bd6 5. Nbd2 Nbd7 6. b3 e5 7. dxe5 Nxe5 8. Be2 0-0 9. Bb2 Qe7 10. 0-0 Rd8 11. a3 c5 12. Qc1 Ng6 13. Re1 Ne4 14. c4 Nxd2 15. Nxd2 dxc4 16. Nxc4 Bc7 17. Qc3 f6 18. Rac1 Be6 19. Bf3 Rac8 20. Bxb7 Bxh2+ 21. Kxh2 Qxb7 22. Kg1 Rd5 23. e4 Rdd8 24. e5 Nf4 25. Qg3 fxe5 26. Nxe5 Qxb3 27. Nd3 Nh5 28. Qe5 Rxd3 29. Qxe6+ Qxe6 30. Rxe6 c4 31. Bc3 Nf4 32. Re7 Rxc3 33. Rxc3 Nd5 34. Ree3 Nxe3 35. Rxe3 Kf7 36. Rc3 Ke6 37. Kf1 Kd5 38. Ke2 Kd4 39. Rg3 g6 40. Rg4+ Kc3 41. Re4 Rc7 42. Kd1 Kb2 43. a4 Rd7+ 44. Ke2 c3 45. Rb4+ Ka3 46. Rc4 Kb3 47. Rc8 c2 48. Rb8+ Kxa4 49. Rc8 Kb3 50. Rb8+ Kc3 51. Rc8+ Kb2 52. Rb8+ Kc1 53. Rc8 Re7+ 54. Kd3 Kd1 0-1

[Event "LAT-ch (Women)"]
[Site "Riga"]
[Date "2016.04.30"]
[Round "1"]
[White "Parhomenko, Margarita"]
[Black "Reizniece Ozola, Dana"]
[Result "0-1"]
[WhiteElo "1828"]
[BlackElo "2241"]
[PlyCount "68"]
[EventDate "2016.04.30"]
[EventType "swiss"]
[EventRounds "7"]
[EventCountry "LAT"]
[SourceTitle "CBM 172 Extra"]
[Source "ChessBase"]
[SourceDate "2016.06.21"]
[SourceVersion "1"]
[SourceVersionDate "2016.06.21"]
[SourceQuality "1"]

1. d4 Nf6 2. Nf3 g6 3. e3 Bg7 4. Bd3 0-0 5. 0-0 d6 6. c4 Nbd7 7. Qc2 e5 8. dxe5 dxe5 9. e4 Nc5 10. Rd1 Qe7 11. Nc3 c6 12. Be2 a5 13. h3 Nh5 14. Be3 Nf4 15. a3 a4 16. Bf1 Nfe6 17. Rab1 f5 18. exf5 gxf5 19. Qd2 f4 20. Bxc5 Nxc5 21. Bd3 e4 22. Re1 Rd8 23. Bxe4 Rxd2 24. Bxh7+ Kxh7 25. Rxe7 Rd8 26. Ne4 Nxe4 27. Rxe4 Bf5 28. Rbe1 Bxe4 29. Rxe4 Bxb2 30. Rxf4 Bxa3 31. Rf7+ Kg8 32. Ng5 Bc1 33. f4 a3 34. Rxb7 a2 0-1

[Event "Wch U16 Girls"]
[Site "Durban"]
[Date "2014.09.25"]
[Round "7"]
[White "Virkud, Apurva"]
[Black "Parhomenko, Margarita"]
[Result "1-0"]
[WhiteElo "2041"]
[BlackElo "1894"]
[PlyCount "93"]
[EventDate "2014.09.20"]
[EventType "swiss"]
[EventRounds "11"]
[EventCountry "RSA"]
[SourceTitle "CBM 162 Extra"]
[Source "ChessBase"]
[SourceDate "2014.10.17"]
[SourceVersion "1"]
[SourceVersionDate "2014.10.17"]
[SourceQuality "1"]

1. d4 c5 2. d5 e5 3. c4 d6 4. Nc3 Be7 5. e4 Na6 6. h3 Bg5 7. Nf3 Bxc1 8. Rxc1 Ne7 9. Bd3 0-0 10. 0-0 f5 11. exf5 Bxf5 12. a3 Nc7 13. Re1 Ng6 14. Bxf5 Rxf5 15. g3 Qd7 16. Kg2 Raf8 17. Re3 Rh5 18. Ng1 Rg5 19. Ne4 Rgf5 20. Rc2 Ne8 21. Nf3 Nf6 22. Nfg5 Nxe4 23. Nxe4 h5 24. h4 Nh8 25. Ng5 g6 26. Qd3 R8f6 27. b4 b6 28. bxc5 bxc5 29. Rb2 Qe7 30. Qb1 Rf8 31. Ne6 Nf7 32. Rf3 Qf6 33. Rxf5 gxf5 34. Nxf8 Kxf8 35. Rb7 a5 36. Ra7 Kg7 37. Rxa5 f4 38. Qe4 fxg3 39. fxg3 Qh6 40. Qe2 Qf6 41. Qxh5 e4 42. Ra7 Qb2+ 43. Kh3 Qf2 44. Rxf7+ Qxf7 45. Qxf7+ Kxf7 46. Kg4 Kf6 47. Kf4 1-0

[Event "LAT-ch (Women)"]
[Site "Riga"]
[Date "2014.05.02"]
[Round "4"]
[White "Skinke, Katrina"]
[Black "Parhomenko, Margarita"]
[Result "1-0"]
[WhiteElo "2219"]
[BlackElo "1767"]
[PlyCount "93"]
[EventDate "2014.04.29"]
[EventType "swiss"]
[EventRounds "7"]
[EventCountry "LAT"]
[SourceTitle "CBM 160 Extra"]
[Source "ChessBase"]
[SourceDate "2014.07.01"]
[SourceVersion "1"]
[SourceVersionDate "2014.07.01"]
[SourceQuality "1"]

1. e4 g6 2. d4 Bg7 3. Nc3 d6 4. Be3 a6 5. Qd2 b5 6. h4 h6 7. 0-0-0 Bb7 8. f3 Qd7 9. g4 e6 10. Bh3 Ne7 11. g5 h5 12. d5 Bc8 13. Bd4 0-0 14. Bf6 Qe8 15. dxe6 fxe6 16. Bxg7 Kxg7 17. f4 Qf7 18. Nge2 b4 19. Qd4+ e5 20. Qxb4 Nbc6 21. Qa4 exf4 22. Rdf1 Bxh3 23. Rxh3 f3 24. Rhxf3 Qxf3 25. Rxf3 Rxf3 26. Nd5 Rf7 27. Nxc7 Ra7 28. Nd5 Ne5 29. Nf6 Ng8 30. Nxg8 Kxg8 31. b3 Nf3 32. Nd4 Nxh4 33. Qe8+ Kh7 34. Qe6 Rad7 35. Qh3 d5 36. Qxh4 dxe4 37. Qxe4 Rfe7 38. Qh4 Re5 39. Qf4 Red5 40. Ne6 Rf5 41. Qb4 Rf1+ 42. Kb2 Rf5 43. Nf8+ Rxf8 44. Qxf8 h4 45. Qf4 h3 46. Qh4+ Kg7 47. Qxh3 1-0

[Event "EU-ch U14 Girls 23rd"]
[Site "Budva"]
[Date "2013.10.02"]
[Round "4"]
[White "Protopopova, Anastasiya"]
[Black "Parhomenko, Margarita"]
[Result "1-0"]
[WhiteElo "1923"]
[BlackElo "1745"]
[PlyCount "93"]
[EventDate "2013.09.29"]
[EventType "swiss"]
[EventRounds "9"]
[EventCountry "MNE"]
[SourceTitle "EXT 2014"]
[Source "ChessBase"]
[SourceDate "2013.11.20"]
[SourceVersion "1"]
[SourceVersionDate "2013.11.20"]
[SourceQuality "1"]

1. Nf3 Nf6 2. c4 g6 3. Nc3 Bg7 4. e4 d6 5. d4 Bg4 6. Be2 0-0 7. 0-0 Nbd7 8. Be3 Bxf3 9. Bxf3 e5 10. d5 Ne8 11. b4 f5 12. g3 f4 13. Bd2 g5 14. Rc1 Nef6 15. Qe2 Rc8 16. c5 a6 17. c6 bxc6 18. dxc6 Nb6 19. a4 Ra8 20. a5 Nc8 21. Nd5 Ne7 22. Nxf6+ Rxf6 23. Rfd1 Qf8 24. Bh5 Kh8 25. Be1 f3 26. Qd3 Bh6 27. Rc3 Qg7 28. Bxf3 g4 29. Bg2 Qg5 30. Qe2 Rb8 31. Rc2 Rb5 32. Rd3 Qg6 33. Rc4 Qf7 34. Rd1 d5 35. exd5 Nxd5 36. Rxg4 Bf8 37. Qxe5 Nxb4 38. Qe2 Nxc6 39. Bc3 Rbf5 40. Bxc6 h6 41. Bd5 Qe7 42. Bxf6+ Qxf6 43. Rg8+ Kh7 44. Qc2 h5 45. Rxf8 Qxf8 46. Be4 Kh8 47. Bxf5 1-0

[Event "LAT-ch (Women)"]
[Site "Riga"]
[Date "2013.04.20"]
[Round "9"]
[White "Golubeva, Marija"]
[Black "Parhomenko, Margarita"]
[Result "1-0"]
[WhiteElo "1787"]
[BlackElo "1641"]
[PlyCount "149"]
[EventDate "2013.04.13"]
[EventType "swiss"]
[EventRounds "9"]
[EventCountry "LAT"]
[SourceTitle "CBM 154 Extra"]
[Source "ChessBase"]
[SourceDate "2013.06.25"]
[SourceVersion "2"]
[SourceVersionDate "2013.06.25"]
[SourceQuality "1"]

1. e4 c6 2. d4 g6 3. Nc3 d5 4. e5 Bf5 5. g4 Be6 6. Bg2 Qc8 7. h3 h5 8. g5 Bg7 9. Nge2 f6 10. Nf4 Bf5 11. exf6 exf6 12. Qe2+ Ne7 13. Ncxd5 cxd5 14. Nxd5 Nbc6 15. gxf6 Bxf6 16. Nxf6+ Kf7 17. Nd5 Re8 18. Be3 Qd7 19. Nxe7 Rxe7 20. Qc4+ Kg7 21. Bxc6 bxc6 22. 0-0-0 Be6 23. Qc5 Bd5 24. Rhg1 Rb8 25. Rde1 Re6 26. c4 Bf3 27. Qg5 Qf7 28. Qh6+ Kg8 29. Qf4 Qb7 30. b3 Rf8 31. Qh6 Qf7 32. Qg5 Rf6 33. Qc5 Rf5 34. Qd6 Rf6 35. Qg3 Be4 36. Qh4 Qe7 37. Kb2 Kh7 38. Re2 Bf3 39. Ree1 Qf7 40. Bg5 Re6 41. Rxe6 Qxe6 42. Be3 Rf6 43. Qg5 Kg8 44. Qa5 Rf7 45. Qd8+ Kh7 46. Qg5 Rf6 47. Qe5 Qf7 48. Qg5 Qe6 49. Rg3 Kg8 50. Qe5 Qf7 51. Qb8+ Kh7 52. Rg5 Qe7 53. Re5 Qd7 54. Qe8 Rf7 55. Qxd7 Rxd7 56. Kc3 Kg7 57. Bg5 Kf7 58. b4 Bg2 59. h4 Rc7 60. a4 a6 61. b5 cxb5 62. axb5 Bf1 63. c5 axb5 64. Kb4 Bc4 65. d5 Ra7 66. c6 Bf1 67. Kc5 Ra4 68. Re7+ Kf8 69. Kd6 b4 70. Bh6+ Kg8 71. c7 Ra8 72. Kc6 Bg2 73. Rd7 Ra6+ 74. Kb7 Bh3 75. c8Q# 1-0

[Event "EU-ch U14 Girls"]
[Site "Prague"]
[Date "2012.08.24"]
[Round "8"]
[White "Parhomenko, Margarita"]
[Black "Fuskova, Martina"]
[Result "0-1"]
[WhiteElo "1591"]
[BlackElo "1752"]
[PlyCount "80"]
[EventDate "2012.08.17"]
[EventType "swiss"]
[EventRounds "9"]
[EventCountry "CZE"]
[SourceTitle "CBM 150 Extra"]
[Source "ChessBase"]
[SourceDate "2012.10.19"]
[SourceVersion "1"]
[SourceVersionDate "2012.10.19"]
[SourceQuality "1"]

1. Nf3 Nf6 2. b3 g6 3. Bb2 Bg7 4. g3 b6 5. Bg2 Bb7 6. 0-0 0-0 7. d4 d6 8. c4 Nbd7 9. Nc3 e6 10. Qc2 c5 11. Nb5 Qe7 12. Rad1 d5 13. Ne5 a6 14. Na3 cxd4 15. Nf3 e5 16. Qb1 Rac8 17. Nc2 dxc4 18. Ba3 Nc5 19. bxc4 Qc7 20. Nb4 Rfd8 21. Nd3 e4 22. Bxc5 bxc5 23. Nxc5 exf3 24. exf3 Qxc5 25. Qxb7 Qxc4 26. f4 Qxa2 27. Ra1 Qc2 28. Qxa6 d3 29. Ra2 Qc3 30. Rd1 Qd4 31. Ra4 Qd7 32. Ra2 Rc2 33. Rda1 Qd4 34. Rf1 Ng4 35. Ra4 Qb2 36. Qa5 Bf6 37. Qe1 Bd4 38. Rb4 Qa2 39. h3 Rxf2 40. Kh1 Rxg2 0-1

[Event "EU-ch U14 Girls"]
[Site "Prague"]
[Date "2012.08.20"]
[Round "4"]
[White "Parhomenko, Margarita"]
[Black "Rakic, Teodora"]
[Result "0-1"]
[WhiteElo "1591"]
[BlackElo "1832"]
[PlyCount "120"]
[EventDate "2012.08.17"]
[EventType "swiss"]
[EventRounds "9"]
[EventCountry "CZE"]
[SourceTitle "CBM 150 Extra"]
[Source "ChessBase"]
[SourceDate "2012.10.19"]
[SourceVersion "1"]
[SourceVersionDate "2012.10.19"]
[SourceQuality "1"]

1. Nf3 Nf6 2. b3 g6 3. Bb2 Bg7 4. e3 0-0 5. d4 d6 6. Bd3 Nbd7 7. 0-0 b6 8. c4 Bb7 9. Nbd2 c5 10. Qc2 Qc7 11. d5 b5 12. Rab1 Rab8 13. e4 bxc4 14. bxc4 Ng4 15. Bxg7 Kxg7 16. Rb3 Nge5 17. Be2 Nxf3+ 18. Bxf3 Ne5 19. Rfb1 Ba6 20. Qb2 Rxb3 21. Qxb3 Qa5 22. Qc2 Nxf3+ 23. Nxf3 f6 24. Nd2 Rc8 25. Kf1 Rc7 26. Ke2 Bc8 27. Rb5 Qa6 28. Nb3 Bd7 29. Rb8 e6 30. Nd2 exd5 31. exd5 Bf5 32. Qb3 Re7+ 33. Kd1 Bd7 34. Qc2 Qa5 35. Rb7 Bg4+ 36. f3 Bxf3+ 37. gxf3 Rxb7 38. Nb3 Qa4 39. Qe2 Qd7 40. Kd2 Qe7 41. Qxe7+ Rxe7 42. Na5 Rd7 43. a4 Kf7 44. Nc6 Rc7 45. Kd3 Ke8 46. a5 Kd7 47. Nb8+ Kc8 48. Nc6 Rxc6 49. dxc6 Kc7 50. Ke4 Kxc6 51. h3 h6 52. h4 h5 53. a6 d5+ 54. cxd5+ Kd6 55. f4 f5+ 56. Ke3 Kxd5 57. Kd3 c4+ 58. Kc3 Kc5 59. Kc2 Kd4 60. Kd2 c3+ 0-1

[Event "LAT-ch (Women)"]
[Site "Riga"]
[Date "2012.05.04"]
[Round "8"]
[White "Limanovska, Elizabete"]
[Black "Parhomenko, Margarita"]
[Result "0-1"]
[WhiteElo "1647"]
[BlackElo "1565"]
[PlyCount "122"]
[EventDate "2012.04.29"]
[EventType "swiss"]
[EventRounds "9"]
[EventCountry "LAT"]
[SourceTitle "CBM 148 Extra"]
[Source "ChessBase"]
[SourceDate "2012.06.22"]
[SourceVersion "1"]
[SourceVersionDate "2012.06.22"]
[SourceQuality "1"]

1. e4 c6 2. d4 g6 3. Nc3 d5 4. Nf3 Bg7 5. exd5 cxd5 6. Bf4 Bg4 7. Bb5+ Nc6 8. 0-0 Nf6 9. h3 Bxf3 10. Qxf3 0-0 11. Bxc6 bxc6 12. Be5 Re8 13. Rfe1 Nd7 14. Bxg7 Kxg7 15. Ne2 Nf6 16. Qd3 Qb6 17. b3 c5 18. dxc5 Qxc5 19. Rad1 e6 20. Nd4 Rac8 21. Re5 Ne4 22. c4 Qc7 23. f4 Nc5 24. Qe2 Nd7 25. Nb5 Qc5+ 26. Re3 a6 27. Nc3 Nb6 28. Re1 Kf8 29. Kh1 dxc4 30. Ne4 Qe7 31. bxc4 Nxc4 32. Rc3 Nd6 33. Rxc8 Rxc8 34. Qxa6 Rd8 35. Nxd6 Rxd6 36. Qc8+ Rd8 37. Qc4 Ra8 38. Kg1 Qa7+ 39. Kh2 Qxa2 40. Qxa2 Rxa2 41. Kg3 Ra3+ 42. Kh4 Kg7 43. g4 Rf3 44. Re4 Kf6 45. Ra4 h6 46. g5+ hxg5+ 47. fxg5+ Kf5 48. Rg4 e5 49. Ra4 f6 50. Rg4 Rf4 51. Rxf4+ exf4 52. gxf6 Kxf6 53. Kg4 Ke5 54. Kf3 Kf5 55. h4 Ke5 56. Kf2 Ke4 57. Ke2 f3+ 58. Kf2 Kf4 59. Kf1 Kg3 60. Kg1 Kxh4 61. Kf2 Kg4 0-1

[Event "LAT-ch (Women)"]
[Site "Riga"]
[Date "2012.05.03"]
[Round "7"]
[White "Parhomenko, Margarita"]
[Black "Golubeva, Marija"]
[Result "1-0"]
[WhiteElo "1565"]
[BlackElo "1788"]
[PlyCount "145"]
[EventDate "2012.04.29"]
[EventType "swiss"]
[EventRounds "9"]
[EventCountry "LAT"]
[SourceTitle "CBM 148 Extra"]
[Source "ChessBase"]
[SourceDate "2012.06.22"]
[SourceVersion "1"]
[SourceVersionDate "2012.06.22"]
[SourceQuality "1"]

1. Nf3 Nf6 2. b3 g6 3. Bb2 Bg7 4. g3 d5 5. Bg2 c5 6. e3 Nc6 7. h3 0-0 8. 0-0 Re8 9. d4 cxd4 10. exd4 Bf5 11. a3 Rc8 12. c3 Qb6 13. Nbd2 Bd3 14. Re1 Ne4 15. Re3 Nxd2 16. Nxd2 Bf5 17. Bxd5 Bh6 18. Rf3 Bxd2 19. Qxd2 e6 20. Bxc6 Qxc6 21. Qf4 f6 22. g4 Be4 23. Re3 f5 24. gxf5 exf5 25. c4 Qf6 26. h4 b5 27. c5 Kf7 28. b4 Rg8 29. Rg3 Rce8 30. Re1 Bd5 31. Rge3 Be4 32. Qg5 Qg7 33. Kh2 h6 34. Qg1 g5 35. h5 g4 36. Qg3 Qg5 37. f4 Qxh5+ 38. Kg1 Rd8 39. R1e2 Qg6 40. Rh2 h5 41. Qh4 Rh8 42. d5 Rhe8 43. d6 Bf3 44. Re7+ Kg8 45. Qxh5 Qxh5 46. Rxh5 Rxe7 47. Rh8+ Kf7 48. Rh7+ Kg6 49. Rxe7 Bc6 50. Kf2 Rd7 51. Re6+ Kh7 52. Bf6 Kg8 53. Bh4 Kg7 54. Kg3 Bf3 55. Re5 Kg6 56. Be7 Be4 57. Re6+ Kf7 58. Rh6 Kg7 59. Rh2 Kf7 60. Rd2 Ke6 61. Rd4 Kf7 62. Rxe4 fxe4 63. c6 Rxe7 64. dxe7 Kxe7 65. Kxg4 Kd6 66. f5 Kxc6 67. Kf4 Kd5 68. f6 e3 69. Kxe3 Ke6 70. Kd4 Kxf6 71. Kc5 Ke6 72. Kxb5 Kd7 73. Ka6 1-0